000
00280nam a2200109Ia 4500
008
200302s9999 xx 000 0 und d
100
_a
Author
245
_a
Itsuko Hasegawa Architectural Monographs No 31
260
_b
Acdemy Editions Group LTd.
260
_c
1993
300
_a
143 P.,
999
_c
1166
_d
1166